Deutsche Darts WM Teilnehmer 2024 - Statistiken

Allgemein
  • Dieses Quiz wurde 279 mal gespielt
  • Das Durchschnittsergebnis liegt bei 4 aus 5
Antwortstatistiken
Antwort % Korrekt
Gabriel Clemens
99%
Martin Schindler
97%
Florian Hempel
84%
Ricardo Pietreczko
78%
Dragutin Horvat
60%
Keine übereinstimmenden Quizze gefunden
Verteilung der Resultate
Anzahl Personen mit jedem Resultat
Perzentil nach korrekt beantworteten Fragen
Ihre Resultats-Entwicklung
Sie haben dieses Quiz noch nicht gespielt